| 000 | 00971pam a2200265 4500 | ||
|---|---|---|---|
| 001 | 2007 | ||
| 005 | 20181127164403.0 | ||
| 008 | 930416s1994 nhu s001 0 eng | ||
| 010 | _a 93013637 | ||
| 020 | _a0819552690 (cloth : acid-free paper) | ||
| 020 | _a0819562734 (pbk. : acid-free paper) | ||
| 043 | _an------ | ||
| 100 | 1 |
_aVizenor, Gerald Robert, _d1934- |
|
| 245 | 1 | 0 |
_aManifest manners : _bpostindian warriors of survivance / _cGerald Vizenor. |
| 260 |
_aHanover : _bWesleyan University Press, _cc1994. |
||
| 300 |
_a191 p. ; _c23 cm. |
||
| 500 | _aIncludes index. | ||
| 650 | 0 |
_aAmerican literature _xIndian authors _xHistory and criticism. |
|
| 650 | 0 | _aIndians in literature. | |
| 650 | 0 |
_aIndians of North America _xEthnic identity. |
|
| 650 | 0 |
_aIndians of North America _xIntellectual life. |
|
| 650 | 0 |
_aIndians of North America _xPublic opinion. |
|
| 650 | 0 |
_aIndians of North America _xSocial conditions. |
|
| 650 | 0 |
_aPublic opinion _zNorth America. |
|
| 999 |
_c1557 _d1557 |
||